KOHA-Header-6

MIS Student Edition (Record no. 806)

000 -LEADER
fixed length control field 00292nam a2200121Ia 4500
008 - FIXED-LENGTH DATA ELEMENTS--GENERAL INFORMATION
fixed length control field 190722s9999 xx 000 0 und d
020 ## - INTERNATIONAL STANDARD BOOK NUMBER
International Standard Book Number 13.978-1-133-62730-2
100 ## - MAIN ENTRY--PERSONAL NAME
Personal name BIDGOLI
245 #0 - TITLE STATEMENT
Title MIS Student Edition
260 ## - PUBLICATION, DISTRIBUTION, ETC. (IMPRINT)
Place of publication, distribution, etc America
Name of publisher, distributor, etc Cengage learning
Date of publication, distribution, etc 2013
300 ## - PHYSICAL DESCRIPTION
Extent 330
942 ## - ADDED ENTRY ELEMENTS (KOHA)
Koha item type Books
Holdings
Withdrawn status Lost status Damaged status Not for loan Collection code Permanent Location Current Location Shelving location Date acquired Total Checkouts Total Renewals Full call number Barcode Date last seen Date checked out Price effective from Koha item type
        Management MAJU MAJU   2019-07-22 1 1 658.403 7432 2021-06-12 2021-04-29 2019-07-22 Management

Powered by Koha